Habitus, democracia y acción popular : la sociología de Pierre Bourdieu aplicada a un estudio de caso /

Se aplica aquí el concepto de habitus desarrollado por Bourdieu, en el marco de un proyecto de educación popular realizado en la zona metropolitana de Guadalajara. Se analiza la transformación de la visión de los sectores populares través de la práctica educativa.

Uloženo v:
Podrobná bibliografie
Hlavní autor: Velasco Yáñez, David (autor)
Další autoři: Alonso, Jorge (prólogo) (prólogo)
Médium: Kniha
Jazyk:španělština
Vydáno: Guadalajara, México : ITESO, 2000, c2000
Témata:
Tagy: Přidat tag
Žádné tagy, Buďte první, kdo vytvoří štítek k tomuto záznamu!

MARC

LEADER 00000nam^a2200000^a^4500
001 000113931
005 20250521000000.0
009 20260310094000.192
020 |a 968-5087-20-2 
037 |a Acervo ITESO - Biblioteca 
041 |a ESP 
082 |a 306. 40972352  |b VEL 
100 |a Velasco Yáñez, David  |e (autor) 
245 1 0 |a Habitus, democracia y acción popular :  |b la sociología de Pierre Bourdieu aplicada a un estudio de caso /  |c D. Velasco Yáñez ; pról. de J. Alonso. 
264 4 |a Guadalajara, México :  |b ITESO,  |c 2000, c2000 
300 |a 679 p. 
336 |a texto  |b txt  |2 rdacontenido 
337 |a sin mediación  |b n  |2 rdamedio 
338 |a volumen  |b nc  |2 rdasoporte 
520 |a Se aplica aquí el concepto de habitus desarrollado por Bourdieu, en el marco de un proyecto de educación popular realizado en la zona metropolitana de Guadalajara. Se analiza la transformación de la visión de los sectores populares través de la práctica educativa. 
649 |a XX 
650 |a Habitus 
650 |a Movimientos Urbano-Populares -  |z Guadalajara, Jalisco 
650 |a Movimientos Sociales -  |z Guadalajara, Jalisco 
650 |a Sociología 
700 |a Alonso, Jorge  |e (prólogo) 
910 |a Fondo General 
920 |a Impresos - Libros 
930 |a Colección General 
905 |a 101 
901 |a 0500046955  |b IT1  |c ACC  |u 20250521 
901 |a 0500046959  |b IT1  |c ACC  |u 20250521 
901 |a 0500156954  |b IT1  |c ACC  |u 20250521 
902 |a https://opac.biblio.iteso.mx/vufind/Record/000113931